| 000 | 00625cam a2200169Ka 4500 | ||
|---|---|---|---|
| 082 |
_a940.27 _bAND |
||
| 100 | 1 |
_aAnderson, John Henry _950608 |
|
| 245 | 1 | 4 |
_aThe Peninsular War _bMarch 1, 1811, to the close of the war in 1814 / _cby J.H. Anderson. |
| 260 |
_aLondon : _bHugh Rees, _c1906. |
||
| 300 |
_a115 p., [1] folded leaf of plates : _bmap ; _c22 cm. |
||
| 500 | _aAddenda inserted between pages 112-113. | ||
| 526 |
_a0 _b0 _c0 _d940_270000000000000_AND |
||
| 650 | 0 |
_aMCE _9379 |
|
| 650 | 0 |
_aPeninsular War, 1807-1814. _949379 |
|
| 856 | 4 | 0 | _uhttp://catalog.hathitrust.org/api/volumes/oclc/11050627.html |
| 942 |
_2ddc _cBK |
||
| 999 |
_c553357 _d553357 |
||